Statistics for Pokemon Characters By Picture

Click here to take the quiz!

General Stats

  • This quiz has been taken 43 times
  • The average score is 14 of 16

Answer Stats

Answer% Correct
Ash
100%
Brock
100%
Pikachu
100%
Psyduck
100%
Charizard
97%
James
94%
Meowth
94%
Misty
94%
Bulbasaur
86%
Jessie
86%
Onix
86%
Arbok
74%
Vulpix
71%
Weezing
69%
Staryu
66%
Lickitung
63%

Score Distribution

Percentile by Number Answered

Percent of People with Each Score

Your Score History

You have not taken this quiz